Geography Quiz

Random Geography or City Quiz

⛳ Cities in 'PU...' Quiz Stats

 Plays Quiz not verified by Sporcle

Challenge
Share
Tweet
Embed
Score 0/60 Timer 14:00
0 Plays Today
Pop. City % Correct
5,057,709Pune
90.8%
1,498,300Puebla de Zaragoza
79.8%
109,412Pueblo
70.6%
57,460Pula
53.2%
125,900Punta Arenas
37.6%
221,200Puerto Vallarta
33.9%
214,500Puerto Montt
32.1%
1,107,199Putian
31.2%
492,603Puente Alto
25.7%
465,980Puyang
25.7%
200,564Puri
24.8%
153,835Puerto Princesa
23.9%
82,212Puli
22.9%
309,100Pucallpa
21.1%
140,800Puno
21.1%
657,209Puducherry
19.3%
108,253Pushkino
19.3%
53,345Pulheim
18.3%
47,432Punta Cana
17.4%
80,560Purmerend
17.4%
277,800Puerto La Cruz
16.5%
118,282Puerto Plata
15.6%
80,700Puntarenas
13.8%
182,500Puerto Cabello
11.9%
72,413Putrajaya
11.9%
97,100Puerto Madryn
11%
141,300Punto Fijo
10.1%
48,581Puerto Barrios
9.2%
104,200Puerto Ayacucho
8.3%
69,500Puerto Cabezas
8.3%
Pop. City % Correct
50,035Puertollano
8.3%
874,954Puning
8.3%
74,500Puerto Maldonado
7.3%
54,600Punta de Mata
7.3%
37,700Puerto Boyacá
7.3%
108,400Puli Khumri
6.4%
42,956Puzi
6.4%
42,100Puerto Berrío
6.4%
51,874Puerto Cortés
6.4%
57,100Puerto Píritu
5.5%
59,200Punta Alta
5.5%
40,730Puerto Francisco de Orellana
5.5%
312,669Purnia
4.6%
65,200Puerto Peñasco
4.6%
112,400Punta Cardón
3.7%
43,891Puteaux
3.7%
36,433Purna
3.7%
41,509Puerto Real
3.7%
39,659Puyallup
2.8%
40,300Puerto Tejada
1.8%
73,046Pusad
1.8%
45,800Puerto Iguazú
1.8%
54,092Puttur
1.8%
45,511Puttalam
1.8%
54,746Punganuru
0.9%
85,844Pulilan
0.9%
126,815Puruliya
0.9%
61,744Putatan
0.9%
65,706Pulivendula
0.9%
41,356Pugachyov
0.9%

You're not logged in!

Compare scores with friends on all Sporcle quizzes.
OR
Log In

You Might Also Like...

Show Comments

Extras

Created Jun 4, 2016SourceReportNominate
Tags:City Quiz, Letter P, start

Top Quizzes Today


Score Distribution

Your Account Isn't Verified!

In order to create a playlist on Sporcle, you need to verify the email address you used during registration. Go to your Sporcle Settings to finish the process.

Report this User

Report this user for behavior that violates our Community Guidelines.

Details: